| 000 | 00737nam a2200193 4500 | ||
|---|---|---|---|
| 005 | 20260210150552.0 | ||
| 008 | 260130b |||||||| |||| 00| 0 eng d | ||
| 020 | _a9781844485635 | ||
| 041 | _aEnglish | ||
| 082 |
_a700 _bMAC |
||
| 100 |
_aMackay Moy _9216549 |
||
| 245 | _aArt in Felt & Stitch: Creating Beautiful Works of Art Using Fleece, Fibres and Threads | ||
| 260 |
_bSearch Press _c2012 |
||
| 300 | _a128 | ||
| 365 |
_b1302.63 _cRs.00 |
||
| 520 | _a• Introduction • Materials and equipment • Inspiration • Colour • Texture • Composition • Techniques • Landscapes • Birds • Flowers • Still life | ||
| 650 | _aArt | ||
| 942 | _cBK | ||
| 999 |
_c370249 _d370249 |
||